000 00458nam a22001697a 4500
003 MPLRDC
005 20220104144310.0
008 210129b ||||| |||| 00| 0 eng d
082 _a524.9154 DZ 1992
100 _a马来西亚华文独立中学统一课程编委会编纂
245 _a简易读图解图
_c
260 _a
_b马来西亚华校董事联合
_c1992
300 _b
490 _a初中地理
650 _a
942 _cBK
_o524.9154 DZ 1992
999 _c48262
_d48252